Impugnación de las doctrinas libre-cambistas profesadas en el Ateneo de Madrid, durante el curso de 1861 a 1862 o sea Colección de los artículos que sobre ellas publicó el diario político El Reino / (Record no. 19990)

MARC details
000 -LEADER
campo de control de longitud fija 01551nam a2200313 i 4500
001 - NÚMERO DE CONTROL
campo de control 19990
003 - IDENTIFICADOR DE NÚMERO DE CONTROL
campo de control ES-MaACL
005 - FECHA Y HORA DE LA ÚLTIMA TRANSACCIÓN
campo de control 20250809011632.0
007 - CAMPO FIJO DE DESCRIPCIÓN FÍSICA--INFORMACIÓN GENERAL
campo de control de longitud fija t|
008 - DATOS DE LONGITUD FIJA--INFORMACIÓN GENERAL
campo de control de longitud fija 021106s1862 sp |||| | spa d
080 ## - NÚMERO DE LA CLASIFICACIÓN DECIMAL UNIVERSAL
Número de la Clasificación Decimal Universal 339.5.012.42
080 ## - NÚMERO DE LA CLASIFICACIÓN DECIMAL UNIVERSAL
Número de la Clasificación Decimal Universal 339.5.012.435
080 ## - NÚMERO DE LA CLASIFICACIÓN DECIMAL UNIVERSAL
Número de la Clasificación Decimal Universal 330.82
245 00 - MENCIÓN DEL TÍTULO
Título Impugnación de las doctrinas libre-cambistas profesadas en el Ateneo de Madrid, durante el curso de 1861 a 1862 o sea Colección de los artículos que sobre ellas publicó el diario político El Reino /
Mención de responsabilidad, etc. escritos por G. Morquecho y Palma, F. Rodríguez San Pedro, A. Menéndez de Luarca, L. Arcos Orodea y Un oyente proteccionista.
260 ## - PUBLICACIÓN, DISTRIBUCIÓN, ETC.
Lugar de publicación, distribución, etc. Madrid :
Nombre del editor, distribuidor, etc. [s.n.],
Fecha de publicación, distribución, etc. 1862 (
Fabricante Imp. de Manuel Tello)
300 ## - DESCRIPCIÓN FÍSICA
Extensión VII, 216 p. ;
Dimensiones 22 cm.
610 24 - PUNTO DE ACCESO ADICIONAL DE MATERIA--NOMBRE DE ENTIDAD CORPORATIVA
Nombre de entidad corporativa o nombre de jurisdicción como elemento de entrada Ateneo de Madrid-
Subdivisión de forma Conferencias-
Subdivisión cronológica S.XIX-
Subdivisión de forma Repercusión.
9 (RLIN) 1911
610 24 - PUNTO DE ACCESO ADICIONAL DE MATERIA--NOMBRE DE ENTIDAD CORPORATIVA
Nombre de entidad corporativa o nombre de jurisdicción como elemento de entrada Ateneo de Madrid-
Subdivisión de forma Obras digitalizadas.
9 (RLIN) 1930
650 #4 - PUNTO DE ACCESO ADICIONAL DE MATERIA--TÉRMINO DE MATERIA
Término de materia o nombre geográfico como elemento de entrada Libre cambio-
Subdivisión geográfica España-
Subdivisión cronológica S.XIX
9 (RLIN) 14422
650 #4 - PUNTO DE ACCESO ADICIONAL DE MATERIA--TÉRMINO DE MATERIA
Término de materia o nombre geográfico como elemento de entrada Liberalismo económico-
Subdivisión geográfica España-
Subdivisión cronológica S.XIX.
9 (RLIN) 14399
650 #4 - PUNTO DE ACCESO ADICIONAL DE MATERIA--TÉRMINO DE MATERIA
Término de materia o nombre geográfico como elemento de entrada Proteccionismo-
Subdivisión geográfica España-
Subdivisión cronológica S.XIX.
9 (RLIN) 16515
700 1# - ENTRADA AGREGADA--NOMBRE PERSONAL
Nombre de persona Morquecho y Palma, Genaro.
9 (RLIN) 83658
700 1# - ENTRADA AGREGADA--NOMBRE PERSONAL
Nombre de persona Rodríguez San Pedro, Faustino.
9 (RLIN) 98796
700 1# - ENTRADA AGREGADA--NOMBRE PERSONAL
Nombre de persona Menéndez de Luarca, Alejandro.
9 (RLIN) 168578
700 1# - ENTRADA AGREGADA--NOMBRE PERSONAL
Nombre de persona Arcos Orodea, Lorenzo.
9 (RLIN) 168577
852 ## - LOCALIZACIÓN
Ubicación ES-MaACL
Número de control de estantería T-69-F-1
856 4# - LOCALIZACIÓN Y ACCESO ELECTRÓNICOS
Identificador Uniforme de Recursos <a href="https://www.ateneodemadrid.com/Biblioteca/Novedades/Novedades-Coleccion-Digital/Impugnacion-de-las-doctrinas-libre-cambistas-profesadas-en-el-Ateneo-de-Madrid-durante-el-curso-de-1861-a-1862">https://www.ateneodemadrid.com/Biblioteca/Novedades/Novedades-Coleccion-Digital/Impugnacion-de-las-doctrinas-libre-cambistas-profesadas-en-el-Ateneo-de-Madrid-durante-el-curso-de-1861-a-1862</a>
Nota pública Ver documento
Holdings
Estatus retirado Estado de pérdida Estado de daño No para préstamo Colección Biblioteca de origen Biblioteca actual Ubicación en estantería Fecha de adquisición Fuente de adquisición Total de préstamos Signatura topográfica completa Código de barras Visto por última vez Precio de reemplazo Tipo de ítem Koha
        Colección de folletos Biblioteca del Ateneo de Madrid Biblioteca del Ateneo de Madrid Depósito folletos 17/01/2008     T-69-F-1 1020476 23/02/2023 23/02/2023 Folleto